Marketing

Spremljeno u:
Bibliografski detalji
Glavni autor: Etzel, Michael J.
Format: Knjiga
Jezik:Undetermined
Izdano: Boston, Mass. McGraw-Hill 2004
Teme:
Oznake: Dodaj oznaku
Bez oznaka, Budi prvi tko označuje ovaj zapis!
Thư viện lưu trữ: Trung tâm Học liệu Trường Đại học Cần Thơ
LEADER 00510nam a2200193Ia 4500
001 CTU_129944
008 210402s9999 xx 000 0 und d
020 |c 109.06 
082 |a 658.8 
082 |b E85 
100 |a Etzel, Michael J. 
245 0 |a Marketing 
245 0 |c Michael J. Etzel, Bruce J. Walker and William J. Stanton 
260 |a Boston, Mass. 
260 |b McGraw-Hill 
260 |c 2004 
650 |a Marketing 
904 |i Giang 
980 |a Trung tâm Học liệu Trường Đại học Cần Thơ